000 00790nam a2200241Ia 4500
003 OSt
005 20220925184135.0
006 a|||||r|||| 00| 0
007 ta
008 220923b |||||||| |||| 00| 0 eng d
037 _cGeneral Book
040 _aRTL
_cRTL
_beng
041 _2eng
_aeng
082 _aSigma b4, K1
110 _aGovt of India. Planning (Commission), Research Programmes (Committee)
_9260452
245 0 _aCentres in social science research methodology
_b A
260 _aDelhi
_bManager of Publication India
_c1961
300 _a12p.
_ccm.
650 _aSocial Science
_911018
700 _aGovt of India. Planning (Commission), Research Programmes (Committee)
_9260453
942 _hSigma b4, K1
_cGB
_2CC
999 _c506901
_d506901